00422nam a2200157 i 4500001000700000003000900007005001700016007000300033008004100036100002100077245005100098260003700149300002700186650002700213852002400240108280ES-MaACL20230906184620.0t|061121s1921 fr r ||||1| fre d1 aMolliard, Marin.10aNutrition de la plante / cpar Marin Molliard. aParís : bGaston Doin, c1921. a2v. : bil. ; c19 cm. 4aPlantas-xNutrición. aES-MaACLjD-4319-20